00489cam a2200169ua 45000010005000000080039000050400009000440820015000531000036000682450081001042500009001852600074001943000010002686530013002786530013002916530015003045358120825n cc |||gr||||Z||||||hin cMAIN a294.3823221 aSharan, Rishikesh,eTranslator.11aDhammapada : bpart 22-26( gatha aur katha) / ctrns. by Rishikesh Sharan .  bV 4. aTaiwan:bThe corporate body the buddha educational foundation,c2010. a272p. aReligion aBuddhism aDhammapada